000 00323nam a22001337a 4500
008 171002b xxu||||| |||| 00| 0 eng d
020 _a9780393925425
041 _aeng
080 _a159.9
100 _a48
101 _aPSI
245 _aCOGNITION EXPLORING THE SCIENCE OF THE MIND
_cREIBERG.D
942 _2udc
_cBK
999 _c31204
_d31204